Statistics for The 16th Century

Click here to take the quiz!

General Stats

  • This quiz has been taken 45,938 times
    (14,811 since last reset)
  • The average score is 16 of 20

Answer Stats

YearDescriptionAnswer% Correct
1588This country launches a doomed armada against EnglandSpain
96%
1558This "Virgin Queen" is crowned in EnglandElizabeth I
95%
1547This "terrible" leader becomes Tsar of all the RussiasIvan the Terrible
94%
1564This dramatist is born in Stratford-upon-AvonWilliam Shakespeare
94%
1508–1512This artist paints the ceiling of the Sistine ChapelMichelangelo
92%
1520Hernán Cortés conquers this Native American empireAztec Empire
88%
1517This monk nails "Ninety-Five Theses" to a church door in
Wittenberg, Germany
Martin Luther
88%
1562–98Catholics and Huguenots fight several religious wars in this countryFrance
87%
1500Pedro Álvares Cabral claims this country for PortugalBrazil
83%
1582This modern calendar replaces the Julian calendarGregorian Calendar
82%
1501–Ismail I reunites this country and makes Shia the official state religionIran
80%
late 1500sSir Walter Raleigh popularizes this New World productTobacco
75%
1557Portugal establishes this trading colony in ChinaMacau
73%
1506Construction begins on this massive Roman basilicaSt. Peter's
71%
1543This scientist publishes his theory that the Earth revolves around the sunNicolaus Copernicus
70%
1519This explorer launches the first expedition to circumnavigate the globe
(although he would die on the way)
Ferdinand Magellan
68%
1519Charles V becomes leader of this Germanic empireHoly Roman Empire
67%
1580This English sea captain circumnavigates the globeFrancis Drake
64%
1513This Florentine diplomat writes his political treatise, "The Prince"Niccolò Machiavelli
63%
1517
Ottoman sultan Selim I claims this title, asserting leadership over
the entirety of the Muslim world
Caliph
43%

Score Distribution

Percentile by Number Answered

Percent of People with Each Score

Your Score History

You have not taken this quiz since the last reset